El sentido común (Record no. 166556)

MARC details
000 -LEADER
campo de control de longitud fija 01020nam a22001935i 4500
001 - NÚMERO DE CONTROL
campo de control 166556
003 - IDENTIFICADOR DE NÚMERO DE CONTROL
campo de control ES-MaACL
005 - FECHA Y HORA DE LA ÚLTIMA TRANSACCIÓN
campo de control 20250904063105.0
008 - DATOS DE LONGITUD FIJA--INFORMACIÓN GENERAL
campo de control de longitud fija 020318s1890 sp |||| | spa d
040 ## - FUENTE DE CATALOGACIÓN
Centro catalogador/agencia de origen CAM
Lengua de catalogación spa
Centro/agencia transcriptor CAM
100 1# - ENTRADA PRINCIPAL--NOMBRE DE PERSONA
Nombre de persona Torromé, Rafael,
Fechas asociadas al nombre 1861-1924
9 (RLIN) 111060
245 13 - MENCIÓN DEL TÍTULO
Título El sentido común
Resto del título : comedia dramática en tres actos y en verso /
Mención de responsabilidad, etc. original de Rafael Torromé y Ros.
260 ## - PUBLICACIÓN, DISTRIBUCIÓN, ETC.
Lugar de publicación, distribución, etc. Madrid :
Nombre del editor, distribuidor, etc. [s.n.],
Fecha de publicación, distribución, etc. 1890 (
Fabricante Imprenta de José Rodriguez)
300 ## - DESCRIPCIÓN FÍSICA
Extensión 88 p. ;
Dimensiones 20 cm.
500 #1 - NOTA GENERAL
Nota general Estrenada en el Teatro Español la noche del 6 de febrero de 1890.
596 #1 - NOTA AL PIE DE IMPRENTA
NOTA AL PIE DE IMPRENTA En verso de la port. consta: "... Galería Lírico-Dramática, titulada El Teatro, de Florencio Fiscowich ..."
852 ## - LOCALIZACIÓN
Ubicación ES-MaACL
Número de control de estantería T-580-F-4
Nota libre -- Enc. hol., conservando la cub. original
-- -- Enc. en un vol. facticio
Encuadernación -- Edic.: añadir en T260 [Florencio Fiscowich, editor], T440 (El Teatro: colección de obras dramáticas y líricas) -- T596 Dato de ed. y serie constan en la cub.
Holdings
Estatus retirado Estado de pérdida Estado de daño No para préstamo Colección Biblioteca de origen Biblioteca actual Ubicación en estantería Fecha de adquisición Total de préstamos Signatura topográfica completa Código de barras Visto por última vez Precio de reemplazo Tipo de ítem Koha
        Colección de folletos Biblioteca del Ateneo de Madrid Biblioteca del Ateneo de Madrid Depósito folletos 17/01/2008   T-580-F-4 1174686 23/02/2023 23/02/2023 Folleto